000 00190nam a2200109Ia 4500
100 _a#N/A
942 _cBK
245 _aDigit Nov 2011
260 _b#N/A
546 _aENGLISH
999 _c33928
_d33928